| 000 | 01095 a2200241 4500 | ||
|---|---|---|---|
| 020 | _a3540306633 | ||
| 020 | _a9783540306634 | ||
| 082 | _a515.352 | ||
| 090 |
_c1515 _d1515 |
||
| 100 | 1 | _aHairer, Ernst. | |
| 245 | 1 | 0 |
_aGeometric numerical integration : _bstructure-preserving algorithms for ordinary differential equations / _cErnst Hairer, Christian Lubich, Gerhard Wanner. |
| 250 | _a2nd ed. | ||
| 260 |
_a[S.l.] : _bSpringer, _c2006. |
||
| 300 |
_a662 p. ; _c25 cm. |
||
| 490 | 1 | _aSpringer series in computational mathematics. | |
| 700 | 1 | _aLubich, Christian. | |
| 700 | 1 | _aWanner, Gerhard. | |
| 830 | 0 | _aSpringer series in computational mathematics. | |
| 942 |
_aSNS _cBK _k515.352 HAI |
||
| 999 |
_c30126 _d30126 |
||